Ψηφιακή επεξεργασία εικόνας και εφαρμογές στην τηλεανίχνευση

Αποθηκεύτηκε σε:
Λεπτομέρειες βιβλιογραφικής εγγραφής
Κύριος συγγραφέας: Κρητικός, Γεώργιος
Άλλοι συγγραφείς: Καλαπανίδας, Θεμιστοκλής
Μορφή: Βιβλίο
Γλώσσα:Greek
Δημοσίευση: Αθήνα : 1983
Θέματα:
Ετικέτες: Προσθήκη ετικέτας
Δεν υπάρχουν, Καταχωρήστε ετικέτα πρώτοι!

MARC

LEADER 00000nam a2200000 i 4500
001 1/104012
008 950526s1983 gre d
035 |l 10013107 
040 |a GR-MY-UA  |b gre  |e aacr 
041 0 |a gre 
082 0 |a 621.367 
100 1 |a Κρητικός, Γεώργιος. 
245 1 0 |a Ψηφιακή επεξεργασία εικόνας και εφαρμογές στην τηλεανίχνευση /  |c Καλαπανίδας Θεμιστοκλής; Κρητικός Γεώργιος 
260 |a Αθήνα :   |c 1983 
300 |a 86 σ.  |b εικ., σχήματα 
650 0 0 |a Image processing  |x Digital techniques. 
700 1 |a Καλαπανίδας, Θεμιστοκλής. 
852 |a INST  |b LESVOS  |e 19950526  |h 621.367 ΚΡΗ  |p 005100000440  |q 005100000440  |t BK  |y 4  |x 20200218 
909 |a Λ  |b 014013 
922 |a 1ΕΛΗ  |b 198905  |c ΠΠ/8121 
970 |z 2000/06/ΟΙΚΟΝΟΜΟΠΟΥΛΟΥ ΧΡΙΣΤΙΝΑ